Staatliche Regulierung betrieblicher Beschäftigungspolitik Ein Vergleich zentraler und dezentraler Arbeitsmarktsituationen

Salvato in:
Dettagli Bibliografici
Autore principale: Neumann, Helmut
Natura: Libro
Lingua:tedesco
Pubblicazione: Frankfurt am Main Campus 1991
Edizione:1. Aufl.
Serie:Wirtschaftswissenschaft Bd. 13
Soggetti:
Tags: Aggiungi Tag
Nessun Tag, puoi essere il primo ad aggiungerne!!

MARC

LEADER 00000nam a2200000 4500
001 c012062
005 20221214101733.4
020 |a 3-593-34449-1 
041 0 |a ger 
044 |a DE 
245 1 0 |a Staatliche Regulierung betrieblicher Beschäftigungspolitik  |b Ein Vergleich zentraler und dezentraler Arbeitsmarktsituationen  |c Helmut Neumann 
250 |a 1. Aufl. 
264 1 |a Frankfurt am Main  |b Campus  |c 1991 
300 |a 217 s. 
490 1 |a Wirtschaftswissenschaft  |v Bd. 13 
830 0 |a Wirtschaftswissenschaft  |v Bd. 13 
610 2 0 |a trh práce 
610 2 0 |a regulácia 
610 2 0 |a politika zamestnanosti 
610 2 0 |a štát 
610 2 0 |a inštitúcia 
610 2 0 |a teória regulovania 
610 2 0 |a mzdy 
610 2 0 |a výpoveď 
610 2 0 |a úrazy pracovné 
610 2 0 |a zabezpečenie sociálne 
610 2 0 |a Nemecko 
100 1 |a Neumann, Helmut